000 00914nam a2200241Ia 4500
003 OSt
005 20220923223858.0
006 a|||||r|||| 00| 0
007 ta
008 Pun
024 _a222,732
037 _cTextual
040 _aARTS
_cARTS
_bPun
041 _2Pun
_aPun
082 _aO44,2:g, 153M1
100 _aਦਿਸ਼ਵੇਦੀ, ਹਜ਼ਾਰੀ ਪ੍ਰਸਾਦ; Fਰਮਾ, ਪੁਰFੋਤਮ, ੳਗ.
_9167644
245 0 _aਭਾਰਤੀ ਨਾਟਯ Fਾਸਤ੍ਰ ਦੀ ਪਰਪੰਰਾ
260 _aਅੰਮ੍ਰਿਤਸਰ
_b ਗੁਰੂ ਨਾਨਕ ਦੇਵ ਯੁਨੀਵਰਸਿਟੀ
_c1981
300 _a75ਪੰ
_ccm.
650 _aਪੰਜਾਬੀ ਸਾਹਿਤ
942 _hO44,2:g, 153M1
_cTEXL
_2CC
999 _c367954
_d367954